000 00293nam a22001337a 4500
008 171016b xxu||||| |||| 00| 0 eng d
020 _a0314027548
041 _aeng
080 _a33
100 _a52
101 _aECO
245 _aPRINCIPLES OF ECONOMICS
_cTRSCH.R.W
942 _2udc
_cBK
999 _c34016
_d34016